Les trente ans qui ont changé la Chine : (Record no. 3651)
[ view plain ]
| 000 -LEADER | |
|---|---|
| fixed length control field | 01720cam a2200349 a 4500 |
| 001 - CONTROL NUMBER | |
| control field | 3651 |
| 003 - CONTROL NUMBER IDENTIFIER | |
| control field | FISKH |
| 005 - DATE AND TIME OF LATEST TRANSACTION | |
| control field | 20240402145847.0 |
| 008 - FIXED-LENGTH DATA ELEMENTS--GENERAL INFORMATION | |
| fixed length control field | 110121s2011 fr a b 000 0 fre |
| 010 ## - LIBRARY OF CONGRESS CONTROL NUMBER | |
| LC control number | 2011401893 |
| 020 ## - INTERNATIONAL STANDARD BOOK NUMBER | |
| International Standard Book Number | 9782283024164 |
| 020 ## - INTERNATIONAL STANDARD BOOK NUMBER | |
| International Standard Book Number | 9782262037659 |
| 035 ## - SYSTEM CONTROL NUMBER | |
| System control number | (FrPJT)JTL00287338 |
| 040 ## - CATALOGING SOURCE | |
| Original cataloging agency | DLC |
| Transcribing agency | DLC |
| Language of cataloging | eng |
| 042 ## - AUTHENTICATION CODE | |
| Authentication code | pcc |
| 043 ## - GEOGRAPHIC AREA CODE | |
| Geographic area code | a-cc--- |
| 050 00 - LIBRARY OF CONGRESS CALL NUMBER | |
| Classification number | DS779.26 |
| Item number | .P84 2011 |
| 082 ## - DEWEY DECIMAL CLASSIFICATION NUMBER | |
| Classification number | 327.51 |
| 100 1# - MAIN ENTRY--PERSONAL NAME | |
| Personal name | Puel, Caroline. |
| 245 14 - TITLE STATEMENT | |
| Title | Les trente ans qui ont changé la Chine : |
| Remainder of title | 1980-2010 / |
| Statement of responsibility, etc. | Caroline Puel. |
| 246 3# - VARYING FORM OF TITLE | |
| Title proper/short title | 30 ans qui ont changé la Chine |
| 260 ## - PUBLICATION, DISTRIBUTION, ETC. | |
| Place of publication, distribution, etc. | Paris : |
| Name of publisher, distributor, etc. | Buchet-Chastel, |
| Date of publication, distribution, etc. | c2011. |
| 300 ## - PHYSICAL DESCRIPTION | |
| Extent | 523 pages : |
| Other physical details | color illustrations ; |
| Dimensions | 23 cm. |
| 504 ## - BIBLIOGRAPHY, ETC. NOTE | |
| Bibliography, etc. note | Includes bibliographical references (p. [507]-514). |
| 520 ## - SUMMARY, ETC. | |
| Summary, etc. | “When China awakens, the world will tremble.” The famous adage attributed to Napoleon has, in more than thirty years, become reality. Since the death of Mao, the Middle Kingdom has initiated a spectacular economic revolution which has raised it to the rank of second world power. But his hybrid regime with a liberal market economy held in a communist shell will have, to persist, to undertake very dreaded political reforms. Will he do it? From the advent of Deng Xiaoping to that of the new strongman Xi Jinping, Caroline Puel deciphers this paradox and recounts year after year the irresistible rise of the new giant. |
| 651 #0 - SUBJECT ADDED ENTRY--GEOGRAPHIC NAME | |
| Geographic name | China |
| General subdivision | Politics and government |
| Chronological subdivision | 1976- |
| 651 #0 - SUBJECT ADDED ENTRY--GEOGRAPHIC NAME | |
| Geographic name | China |
| General subdivision | Social life and customs |
| Chronological subdivision | 1976- |
| 651 #0 - SUBJECT ADDED ENTRY--GEOGRAPHIC NAME | |
| Geographic name | China |
| General subdivision | Economic conditions |
| Chronological subdivision | 1976- |
| 906 ## - LOCAL DATA ELEMENT F, LDF (RLIN) | |
| a | 7 |
| b | cbc |
| c | origres |
| d | 2 |
| e | ncip |
| f | 20 |
| g | y-gencatlg |
| 942 ## - ADDED ENTRY ELEMENTS (KOHA) | |
| Source of classification or shelving scheme | Dewey Decimal Classification |
| Koha item type | Books |
| Suppress in OPAC | No |
| Withdrawn status | Lost status | Source of classification or shelving scheme | Damaged status | Not for loan | Collection | Home library | Current library | Shelving location | Date acquired | Total Checkouts | Full call number | Barcode | Date last seen | Price effective from | Koha item type |
|---|---|---|---|---|---|---|---|---|---|---|---|---|---|---|---|
| Dewey Decimal Classification | Non-Fiction | Footprints International School Library Network Toul Kork Campus | Footprints International School Library Network Toul Kork Campus | TK Floor 4 Rear Hallway Shelf 1 (Adult/Secondary Foriegn Language/Khmer) | 04/02/2024 | PUE 327.51.DS779.26 P84 2011 | 2024-0449 | 04/02/2024 | 04/02/2024 | Books |
